UBT Library

Modelimi dhe kontrolli i suksesit te mikrorrjetit me Fotovoltaik/Turbina me ere (Record no. 52630)

000 -LEADER
fixed length control field 00324nam a22001217a 4500
008 - FIXED-LENGTH DATA ELEMENTS--GENERAL INFORMATION
fixed length control field 181129b xxu||||| |||| 00| 0 eng d
041 ## - LANGUAGE CODE
Language code of text/sound track or separate title eng
080 ## - UNIVERSAL DECIMAL CLASSIFICATION NUMBER
Universal Decimal Classification number 043.3
100 ## - Rafti
Rafti 0
101 ## - Shkurtesa
Shkurtesa BTH-IE
245 ## - TITLE STATEMENT
Title Modelimi dhe kontrolli i suksesit te mikrorrjetit me Fotovoltaik/Turbina me ere
Statement of responsibility, etc Krasniqi, K
942 ## - ADDED ENTRY ELEMENTS (KOHA)
Source of classification or shelving scheme
Item type Books
Holdings
Withdrawn status Lost status Source of classification or shelving scheme Damaged status Not for loan Collection code Permanent location Current location Shelving location Date acquired Total Checkouts Full call number Barcode Date last seen Price effective from Koha item type
          Koleksioni i përgjithshem UBT - Lipjan UBT - Lipjan Koleksioni i përgjithshem 11/29/2018   043.3 Krasniqi, K 2018 IE 002-3019922 11/29/2018 11/29/2018 Dissertation
          Koleksioni i përgjithshem UBT - Lipjan UBT - Lipjan Koleksioni i përgjithshem 11/29/2018   043.3 Krasniqi, K 2018 IE 002-3019917 11/29/2018 11/29/2018 Dissertation
UBT Library © 2015-2024. All rights reserved University Education for Business and Technology